Administración de personal y recursos humanos
Shranjeno v:
| Main Authors: | , |
|---|---|
| Format: | Knjiga |
| Jezik: | španščina |
| Izdano: |
Ciudad de México
McGraw Hill
2000
|
| Izdaja: | 5a. ed |
| Teme: | |
| Oznake: |
Označite
Brez oznak, prvi označite!
|
MARC
| LEADER | 00000nam a2200000 a 4500 | ||
|---|---|---|---|
| 001 | UCN2059 | ||
| 003 | CL-VaPUC | ||
| 008 | 010511e20000000MX |||||||||||||||||spa|d | ||
| 020 | |a 9701028929 | ||
| 082 | 0 | 4 | |a 658.3 |b WER |2 21 |
| 100 | 0 | |a Werther, William B |e author |9 457617 | |
| 700 | 0 | |a Davis, Keith |e author |9 457618 | |
| 245 | 1 | 0 | |a Administración de personal y recursos humanos |
| 250 | |a 5a. ed | ||
| 300 | |a 582 p | ||
| 942 | |c BK | ||
| 945 | |d 20010511 00:00:00 |a vberengu | ||
| 260 | |a Ciudad de México |b McGraw Hill |c 2000 | ||
| 650 | 0 | |a Administración del personal |9 260442 | |
| 650 | 0 | |a Recursos humanos |9 228420 | |
| 650 | 7 | |a PERSONAL |2 CL-VaPUC |9 343747 | |
| 650 | 7 | |a DESARROLLO DE LOS RECURSOS HUMANOS |2 CL-VaPUC |9 362807 | |
| 650 | 0 | |a Administración de empresas |9 260833 | |
| 650 | 0 | |a Trabajo y empleo |9 315054 | |
| 650 | 7 | |a SELECCION DEL PERSONAL |2 CL-VaPUC |9 324534 | |
| 650 | 0 | |a Formación profesional |9 257232 | |
| 583 | |a last modification |c 20010511 00:00:00 |k Rodrigo Vera | ||
| 999 | |c 295219 |d 295217 | ||
| 952 | |0 0 |1 0 |4 0 |6 658_300000000000000_WER_2000 |7 0 |8 A |9 348168 |a BIBENE |b BIBENE |d 2019-11-20 |i 3724174 |o 658.3 WER 2000 |p 3724174 |r 2025-01-15 |w 2019-11-20 |y BK |k ICO | ||
| 952 | |0 0 |1 0 |4 0 |6 658_300000000000000_WER_2000 |7 0 |8 A |9 348169 |a BIBGIM |b BIBGIM |d 2019-11-20 |i 407985K |o 658.3 WER 2000 |p 407985K |r 2025-01-15 |w 2019-11-20 |y BK |k COM | ||
| 952 | |0 0 |1 0 |4 0 |6 658_300000000000000_WER_2000 |7 0 |8 A |9 348170 |a BIBGIM |b BIBGIM |d 2019-11-20 |i 4079868 |o 658.3 WER 2000 |p 4079868 |r 2025-01-15 |w 2019-11-20 |y BK |k COM | ||
| 952 | |0 0 |1 0 |4 0 |6 658_300000000000000_WER_2000 |7 0 |8 A |9 348171 |a BIBGIM |b BIBGIM |d 2019-11-20 |i 4079876 |o 658.3 WER 2000 |p 4079876 |r 2025-01-15 |w 2019-11-20 |y BK |k COM | ||
| 952 | |0 0 |1 0 |4 0 |6 658_300000000000000_WER_2000 |7 0 |8 A |9 348172 |a BIBGIM |b BIBGIM |d 2019-11-20 |i 4079884 |o 658.3 WER 2000 |p 4079884 |r 2025-01-15 |w 2019-11-20 |y BK |k COM | ||
| 952 | |0 0 |1 0 |4 0 |6 658_300000000000000_WER_2000 |7 0 |8 A |9 348173 |a BIBGIM |b BIBGIM |d 2019-11-20 |i 4079892 |o 658.3 WER 2000 |p 4079892 |r 2025-01-15 |w 2019-11-20 |y BK |k COM | ||
| 952 | |0 0 |1 0 |4 0 |6 658_300000000000000_WER_2000 |7 0 |8 A |9 348174 |a BIBDER |b BIBDER |d 2019-11-20 |i 4087941 |o 658.3 WER 2000 |p 4087941 |r 2023-01-25 |w 2019-11-20 |y BK |k DER | ||
| 952 | |0 0 |1 0 |4 0 |6 658_300000000000000_WER_2000 |7 0 |8 A |9 348175 |a BIBENE |b BIBENE |d 2019-11-20 |i 4224426 |l 1 |o 658.3 WER 2000 |p 4224426 |r 2025-01-15 |s 2023-06-05 |w 2019-11-20 |y BK |k ICO | ||